Welcome to the Holygrace Academy Library

Please use search bar below to get started

ARAM PANDAVAR (Record no. 4862)

MARC details
000 -LEADER
fixed length control field 00278nam a22001337a 4500
082 ## - DEWEY DECIMAL CLASSIFICATION NUMBER
Classification number 894.812.3
Item number ELA/A
100 ## - MAIN ENTRY--AUTHOR NAME
Personal name ELAYATH, NANNIKKAMATTOM
245 ## - TITLE STATEMENT
Title ARAM PANDAVAR
260 ## - PUBLICATION, DISTRIBUTION, ETC. (IMPRINT)
Place of publication ALUVA
Name of publisher PEN BOOKS
Year of publication 2005
300 ## - PHYSICAL DESCRIPTION
Number of Pages 104
520 ## - SUMMARY, ETC.
Summary, etc NOVEL
650 ## - SUBJECT ADDED ENTRY--TOPICAL TERM
Topical Term NOVEL
942 ## - ADDED ENTRY ELEMENTS (KOHA)
Koha item type Books
Holdings
Withdrawn status Lost status Collection code Home library Current library Shelving location Date acquired Source of acquisition Cost, normal purchase price Full call number Accession Number Koha item type
    Fiction Main Library Main Library SHELF-16- I- MALAYALAM NOVELS,FICTIONS 23/07/2019 Purchase 60.00 894.812.3 ELA/A 11462 Books